MDQL
is popping MORE tags! Check the
thread
!
Quizzes
Events
Quiz Creation
Community
Videos
Private Events
Remove Ads
Sign In
Join for FREE
Feedback
Dark Mode
Quiz Categories
Sports
Geography
Music
Movies
Television
Just For Fun
Miscellaneous
History
Literature
Language
Science
Gaming
Entertainment
Religion
Holiday
For Kids
Quiz Lab
Recent
Popular Today
Quiz Kudos Today
Editor Picks
Curator Picks
Quizzes by...
Day
Popularity
Type
Ratings
Length
Year
Community
Subscriptions
Recent Discussions
Orange Saloon
Badges
Playlists
Quests
Create
Leaderboards
Showdown
Live 5
Trivia Bingo
Activity
Puzzle Library
Sporcle Events
Private Events
Virtual Trivia
Globe League
Become a Host
Pub Owners
SporcleCon
Opinionation
Our Games
Videos
Blog
Mobile Apps
Partnerships
Remove Ads and Go Orange
Feedback
Sports
Athletes
MLB
NBA
NHL
NFL
Soccer
Sports Teams
WWE
NCAA
Football
Premier League
Basketball
Baseball
Hockey
Golf
Tennis
Cricket
Rugby
Auto Racing
Olympics
World Cup
Sports
Athletes
MLB
NBA
NHL
NFL
Soccer
Sports Teams
WWE
NCAA
Football
Premier League
Basketball
Baseball
Hockey
Golf
Tennis
Cricket
Rugby
Auto Racing
Olympics
World Cup
Random Quiz
Search Sporcle
×
Quiz Lab
Quiz Lab
Sports
Euroleague
Type answers based on single images at one time
Type answers based on single images at one time
Slideshow
Best Score? Go Orange.
Stars of the Euroleague II. (Pictures) Stats
Can you name some more Stars of the Euroleague?
By
Pacey
13m
50 Questions
360 Plays
360 Plays
360 Plays
Comments
Comments
Give Quiz Kudos
Give Quiz Kudos
-
- Ratings
hide this ad
Replay
Link that replays current quiz
Next Quiz
Link to next quiz in quiz playlist
You Got
0%
They Got
Avg Score
46%
Avg Friend Score
Upgrade to see
Score Distribution
Jump to the score distribution portion of the page
Score
0/50
Timer
13:00
0
Plays Today
% Correct
Sergio Rodriguez
89.7%
Daniel Hackett
80.3%
Rudy Fernandez
79.2%
Jan Vesely
75.8%
Jonas Maciulis
74.4%
Arvydas Sabonis
72.2%
Nenad Krstic
71.1%
Gustavo Ayon
69.4%
Nemanja Bjelica
66.4%
Carlos Arroyo
66.1%
Tiago Splitter
65.3%
Darjus Lavrinovic
62.2%
Antonis Fotsis
61.7%
Marcelinho Huertas
60.8%
Sofoklis Schortsanitis
58.9%
Nikos Zisis
57.5%
Aleksandar Djordjevic
56.9%
Linas Kleiza
56.7%
Sonny Weems
55.8%
Andrey Vorontsevich
55.6%
David Blu
55.3%
Mirza Teletovic
54.2%
Dino Radja
52.8%
Semih Erden
49.7%
Stratos Perperoglu
49.7%
% Correct
Mantas Kalnietis
48.3%
Predrag Danilovic
46.4%
Marko Jaric
45.8%
David Logan
43.6%
J.R. Holden
40.8%
Michalis Kakiouzis
37.8%
Dimos Dikoudis
37.5%
Derrick Sharp
35%
Bostjan Nachbar
34.4%
Vlado Ilievski
33.3%
Zoran Savic
29.7%
Carlos Jimenez
29.7%
Patrick Femerling
28.6%
Jeremiah Massey
26.7%
Tal Burstein
26.4%
Kaspars Kambala
25.3%
Scoonie Penn
23.9%
Damir Mulaomerovic
23.3%
Dragan Tarlac
21.4%
Predrag Drobnjak
20.8%
Willie Solomon
16.9%
Serkan Erdogan
14.7%
Massimo Bulleri
13.6%
Kornel David
13.1%
Marcus Goree
8.9%
Quiz Playlist
Details
Report
Send in Message
Add To Playlist
Slideshow:
Type answers based on single images at one time
Last Updated: Nov 25, 2022
Quiz Scoreboard
CHALLENGE
Sign Up to Join the Scoreboard
Show All
Scores
Hide
Comments
May contain spoilers
Recently Published
Two Season TV Shows II
by 123Four
Television
10m
Image Sorting: Flags VI
by Barbecue
Geography
2m
Find the 'City' Movie
by crazypaving
Movies
60s
More to Explore
Quiz From the Vault
Featured Blog Post
14 Easter Pick-up Lines to Find Eggs With
hide this ad
You Might Also Like...
Tags
Euroleague
star
Today's Top Quizzes in Sports
Browse Sports
hide this ad
Top Contributed Quizzes in Sports
1
Les meilleurs buteurs des matchs entre le PSG et l’OM
2
Les entraîneurs de l'OM et du PSG au 21e siècle
3
2022 World Cup Stars
4
Les joueurs passés par le PSG et l'OM
5
Players with Multiple 50 Home Run Seasons
6
FIFA Club World Cup Champions
7
Criteria MLB: Left Handed Sluggers
8
Les joueurs passés par le LOSC et le RC Lens
9
Top 10 NHL Goal Scorers of All Time
10
NBA Logic Puzzle 2.0
Explore More
Trending Topics
Disney
NBA
Harry Potter
Crossword
Kpop
Anime
Marvel
WWE
Country
Puzzle
The Office
Song
Pokémon
NFL
Soccer
hide this ad
More By:
Pacey
Quiz
Plays
Rating
Category
Featured
Created
Stars of the Euroleague I. (Pictures)
714
5.00
Sports
Jul 10, 2016
Pro wrestling moves
530
5.00
Sports
Dec 1, 2019
Stars of the Euroleague II. (Pictures)
360
4.00
Sports
Jul 10, 2016
Stars of the Euroleague III. (Pictures)
352
5.00
Sports
Jul 11, 2016
Pro wrestling moves II
293
4.67
Sports
Dec 7, 2019
Go to Creator's Profile
Score Distribution
Quiz Creator Spotlight
Pacey
Follow
Send a Message
Quizzes Created
-
Created Quiz Play Count
-
More By This Creator
Popular Quizzes Today
1
Find the US States - No Outlines Minefield
2
Colored Red Africa Blitz
3
Find the 'City' Movie
4
5x2 Blitz: Bands
5
The Countries of the World
6
Find the Countries of Europe - No Outlines Minefield
7
Find the US States
8
US States
More Sports Quizzes
Cycling Monuments
Quiz Lab
Trending Quizzes
Colored Red Europe Blitz I
Colored Red Africa Blitz II
Colored Red Europe Blitz II
Colored Red Africa Blitz III
Even More Two Season TV Shows
Recently Updated
March Madness Men's Triple Doubles
pecheneg
How Do You Spell That?
pecheneg
Godzilla Movies
pecheneg
Grab Bag: 4-10 Letters
pecheneg
2024 March Madness Bracket
pecheneg
Famous TV Couples
Peacemaker
Champions League XIs: Real Madrid
pecheneg
Largest US Cities 1790-2010
pecheneg
Rides in Walt Disney World
pecheneg
Most Oscar Losses (Acting)
pecheneg
Trending Topics
Marvel
Crossword
Kpop
Disney
Anime
NBA
Harry Potter
NFL
WWE
Pokémon
Soccer
The Office
Puzzle
Song
Country
Your Account Isn't Verified!
In order to create a playlist on Sporcle, you need to verify the email address you used during registration. Go to your
Sporcle Settings
to finish the process.
Report this User
Report this user for behavior that violates our
Community Guidelines
.
Details:
Send Report
Go to the Sporcle.com Mobile Site →
Comments